000 00673nam a2200217Ia 4500
003 GCL
008 140319s9999 xx 000 0 eng d
040 _aGCL /
_cGCL
082 0 4 _a193
_bA F
100 1 _aNIETZSCHE, FRIEDRICH
245 1 0 _aFRIEDRICH NIETZSCHE ON THE GENEALOGY OF MORALITY AND OTHER WRITINGS /
_cNIETZSCHE, FRIEDRICH
700 1 _aANSELL-PEARSON KEITH
700 1 _aDIETHE, CAROL
260 _a[S.N] :
_bCAMBRIBGE UNIVERSITY PRESS ،
_c1994
300 _a205 P
490 _aCAMBRIDGE TEST IN THE HISTORY OF POLITICAL THOUGH
_v0
650 0 4 _aETHICS
650 0 4 _aNIETZSCHE, F. W.(1844 - 1900)
650 0 4 _aMODERN - PHILOSOPHY
942 _2ddc
_cBK
999 _c21330
_d21330